000 00542nam a2200193Ia 4500
005 20250508163257.0
008 008 250505s9999 xx 000 0 hin d
037 _aTextual
040 _aFEDL
_beng
_cFEDL
041 _ahin
_2eng
084 _a370, LEN
_qFEDL
100 _aLenin Vala E.
_9775027
245 0 _aSarvjanik shiksha ke baare me
260 _aNew Delhi, India
_bPupils Publishing House (Pvt.) Limited
_c1983
300 _a191p.
650 _aEducation
942 _cTEXL
_h370, LEN
999 _c1381974
_d1381974